Normal view
MARC view
Entry Personal Name
001 - CONTROL NUMBER
- control field: 6526
003 - CONTROL NUMBER IDENTIFIER
- control field: BD-RjUL
005 - DATE AND TIME OF LATEST TRANSACTION
- control field: 20230111125232.0
008 - FIXED-LENGTH DATA ELEMENTS
- fixed length control field: 230111|| aca||aabn | a|a d
040 ## - CATALOGING SOURCE
- Original cataloging agency: BD-RjUL
- Transcribing agency: BD-RjUL
100 ## - HEADING--PERSONAL NAME
- Personal name: Abu Shakra, Youssef Khattar, أبو شقرا، يوسف خطار
670 ## - SOURCE DATA FOUND
- Source citation: Work cat.: (BD-RjUL)81049: Abu Shakra, Hussein Ghadban, أبو شقرا، حسين غضبان 6525, الحركات في لبنان إلى عهد المتصرفية : وهي شهادة درزية صريحة alharakat fi lubnan 'iilaa eahd almutasarifiat : wahi shahadat durziat sariha . / , 1223